Missing Word: Movies, Books & Music (M) Quiz Stats

 Plays Quiz Updated Jul 18, 2018

Challenge
Share
Tweet
Embed
Score 0/21 Timer 02:00
0 Plays Today
Hint Answer % Correct
MusicMia
98.4%
MoviesMet
97%
BooksMice
96.4%
BooksMen
96.3%
BooksMonte
94.4%
MoviesMurder
90.3%
MoviesMind
89.7%
MusicMelody
83.8%
MoviesManhattan
83.2%
MoviesMaltese
82.5%
BooksMemoirs
81.6%
Hint Answer % Correct
BooksMountain
81.3%
BooksMadame
78.3%
MoviesMinority
76%
MoviesMoney
74.4%
BooksManifesto
69.9%
MusicMarmalade
62.5%
MusicMaybe
57.7%
MusicMustang
55.5%
MusicMary
40.6%
MusicMidnight
34.4%

Today's Daily Dose

Missing Word
No Snow!

Word Ladder
Wild Cats

On This Day
December 16th II

You're not logged in!

Compare scores with friends on all Sporcle quizzes.
OR
Log In

You Might Also Like...

Show Comments

Extras

Top Quizzes Today


Score Distribution

Your Account Isn't Verified!

In order to create a playlist on Sporcle, you need to verify the email address you used during registration. Go to your Sporcle Settings to finish the process.

Report this User

Report this user for behavior that violates our Community Guidelines.

Details: